000 00375nam a2200133Ia 4500
008 220613s9999||||xx |||||||||||||| ||und||
100 _aLeonard S Lilly
245 0 _aPathophysiology Of Heart A Collaborative Project Of Medical Student And Faculty
250 _a5th (2011)
260 _bLippincott Williams & Wilkins
300 _a461
650 _aPhysiology
942 _cPREC
999 _c9842
_d9842